| 000 | 00840nam a22002417a 4500 | ||
|---|---|---|---|
| 005 | 20260507144655.0 | ||
| 010 | _aENG-148392-93 | ||
| 020 |
_c4270.00 (Set) _a9788196364786 (Vol-4) |
||
| 035 | _aEN-131924-25 | ||
| 037 | _bDBAD | ||
| 082 | _a020.954442 | ||
| 245 |
_aDirectory of Libraries : _cedited by Siva Prasad Senapathi; compiled by John Meshok J.D. _bTamil Nadu Part I& II |
||
| 260 |
_aKolKata _bCentral Reference Library, Govt. of India _c2025 |
||
| 270 |
_aBelvedere Estate, Alipore, _bKolKata _e700027 |
||
| 300 |
_a2Set(1235;1214p. _c28cm(Hb) |
||
| 490 | _vVol-4 (Part 1 & 2) | ||
| 500 | _aIncludes index | ||
| 650 |
_aPublic libraries _989023 |
||
| 650 |
_aDirectories _989024 |
||
| 700 |
_aSenapathi ,Siva Prasad _989025 |
||
| 700 |
_aJohn Meshok J.D. _989026 |
||
| 942 |
_2ddc _cEN _h020.954442 _mDIR |
||
| 999 |
_c216095 _d216095 |
||